[Event "9th Nana Aleksandria Cup"]
[Site "Poti GEO"]
[Date "2014.07.18"]
[Round "7.17"]
[White "Basencyan, Mark"]
[Black "Zeynalli, Rashad"]
[Result "0-1"]
[WhiteElo "2170"]
[BlackElo "2093"]
[WhiteFideId "13300725"]
[BlackFideId "13403320"]
[EventDate "2014.07.13"]

1. d4 Nf6 2. c4 g6 3. Nc3 Bg7 4. e4 d6 5. Nf3 O-O 6. Be2 e5 7. O-O Nbd7 8. Be3
h6 9. dxe5 dxe5 10. h3 c6 11. b4 Nh5 12. g3 Re8 13. Kg2 Qc7 14. Rc1 Nf8 15. Nd2
Nf6 16. Nb3 Rd8 17. Qc2 Ne6 18. Rcd1 Nh7 19. Rxd8+ Qxd8 20. Rd1 Qe7 21. c5 Nhg5
22. h4 Nh3 23. Qd2 Nhf4+ 24. Kh2 g5 25. h5 Nf8 26. g4 Be6 27. Na5 Qc7 28. Nc4
Nxe2 29. Qxe2 Bxc4 30. Qxc4 Ne6 31. Kg2 Rd8 32. Qb3 Nd4 33. Bxd4 exd4 34. Ne2
Qd7 35. f3 Be5 36. Rd3 Qe7 37. Qc4 Qf6 38. Kh3 b5 39. Qb3 Bc7 40. Qd1 Be5 41.
Kg2 Qe6 42. Qd2 Qc4 43. a3 Rd7 44. Qd1 a5 45. bxa5 Qxc5 46. Kf2 Qa7 47. Qb3 Qxa5
48. Qb4 Qb6 49. a4 c5 50. Qxb5 Qxb5 51. axb5 c4 52. Ra3 d3 53. Nc3 Bxc3 0-1

[Event "9th Nana Aleksandria Cup"]
[Site "Poti GEO"]
[Date "2014.07.18"]
[Round "7.18"]
[White "Mesropian, Khachatur"]
[Black "Ghvamberia, Nika"]
[Result "1-0"]
[WhiteElo "2089"]
[BlackElo "2147"]
[WhiteFideId "13301390"]
[BlackFideId "13602128"]
[EventDate "2014.07.13"]

1. d4 Nf6 2. c4 e6 3. Nc3 Bb4 4. Bg5 h6 5. Bh4 c5 6. d5 d6 7. e3 Bxc3+ 8. bxc3
e5 9. f3 Qe7 10. e4 Nbd7 11. Bd3 Nf8 12. Ne2 g5 13. Bf2 Ng6 14. Be3 Rg8 15. O-O
Nf4 16. Bc2 Bd7 17. Rb1 O-O-O 18. Ng3 h5 19. Ba4 h4 20. Bxd7+ Qxd7 21. Nf5 N6h5
22. Qb3 Rg6 23. Rf2 Ng7 24. Rfb2 b6 25. Qa3 Qb7 26. Ne7+ Qxe7 27. Rxb6 Qc7 28.
Rc6 1-0

[Event "9th Nana Aleksandria Cup"]
[Site "Poti GEO"]
[Date "2014.07.18"]
[Round "7.19"]
[White "Barseghyan, Harutyun"]
[Black "Hayrapetyan, Artavazd R."]
[Result "1/2-1/2"]
[WhiteElo "2108"]
[BlackElo "2249"]
[WhiteFideId "13304585"]
[BlackFideId "13304240"]
[EventDate "2014.07.13"]

1. d4 Nf6 2. Bg5 d6 3. Bxf6 exf6 4. e3 f5 5. g3 g6 6. h4 Bg7 7. Ne2 Nd7 8. Bg2
Nf6 9. c4 c6 10. Nbc3 O-O 11. Nf4 Re8 12. O-O h6 13. Rc1 g5 14. hxg5 hxg5 15.
Nh5 Nxh5 16. Qxh5 Qf6 17. Rfe1 Qg6 18. Qf3 Bd7 19. b4 Bh6 20. b5 Kh8 21. bxc6
bxc6 22. Rb1 Re7 23. c5 d5 24. Rb7 g4 25. Qd1 Kg7 26. Qa4 f4 27. Nxd5 cxd5 28.
Rxd7 fxg3 29. Rxe7 gxf2+ 30. Kxf2 Qf6+ 31. Ke2 Qxe7 32. Kd3 Qe6 33. Qb3 Qf5+ 34.
e4 Qf4 35. Re2 dxe4+ 36. Bxe4 Re8 37. Qd5 Qg3+ 38. Kc4 Qa3 39. Qf5 Qa4+ 40. Kc3
Qa3+ 41. Kc4 1/2-1/2

[Event "9th Nana Aleksandria Cup"]
[Site "Poti GEO"]
[Date "2014.07.18"]
[Round "7.20"]
[White "Patsia, Zviad"]
[Black "Qalagashvili, Pridon"]
[Result "1-0"]
[WhiteElo "2117"]
[BlackElo "2117"]
[WhiteFideId "13603485"]
[BlackFideId "13601245"]
[EventDate "2014.07.13"]

1. g4 d5 2. Bg2 c6 3. h3 e5 4. d4 e4 5. c4 h5 6. gxh5 Nf6 7. Nc3 Rxh5 8. Qa4
dxc4 9. Bf4 b5 10. Qc2 Bb4 11. e3 g5 12. Bxb8 Rxb8 13. Bxe4 Nxe4 14. Qxe4+ Kf8
15. Ne2 Qd5 16. O-O-O Qxe4 17. Nxe4 Be7 18. N2g3 Rh4 19. d5 Bxh3 20. d6 Bd8 21.
Nc5 Kg7 22. Rdg1 Kg6 23. f4 Bb6 24. Nge4 Rg4 25. Rxg4 Bxg4 26. fxg5 Bxc5 27.
Nxc5 Kxg5 28. e4 Kf6 29. Rh4 Be6 30. Rh5 Kg6 31. Re5 Kf6 32. Rxe6+ fxe6 33. Nd7+ 1-0

[Event "9th Nana Aleksandria Cup"]
[Site "Poti GEO"]
[Date "2014.07.19"]
[Round "8.1"]
[White "Hayrapetyan, Hovik"]
[Black "Golod, Vitali"]
[Result "1/2-1/2"]
[WhiteTitle "GM"]
[BlackTitle "GM"]
[WhiteElo "2422"]
[BlackElo "2565"]
[WhiteFideId "13302639"]
[BlackFideId "2804140"]
[EventDate "2014.07.13"]

1. d4 Nf6 2. c4 g6 3. Nc3 d5 4. Nf3 Bg7 5. Bg5 Ne4 6. Bh4 Nxc3 7. bxc3 dxc4 8.
Qa4+ Qd7 9. Qxc4 b6 10. e4 Ba6 11. Qd5 Qxd5 12. exd5 Bb7 13. Bb5+ Nd7 14. c4 a6
15. Bxd7+ Kxd7 16. Ne5+ Bxe5 17. dxe5 c6 18. e6+ fxe6 19. dxe6+ Kxe6 20. O-O-O
Rad8 21. Rhe1+ Kf5 22. Bxe7 Rxd1+ 23. Kxd1 g5 1/2-1/2

[Event "9th Nana Aleksandria Cup"]
[Site "Poti GEO"]
[Date "2014.07.19"]
[Round "8.2"]
[White "Babujian, Levon"]
[Black "Andreev, Eduard UKR"]
[Result "1-0"]
[WhiteTitle "GM"]
[BlackTitle "GM"]
[WhiteElo "2469"]
[BlackElo "2493"]
[WhiteFideId "13301993"]
[BlackFideId "14103400"]
[EventDate "2014.07.13"]

1. d4 Nf6 2. c4 e6 3. Nc3 Bb4 4. Nf3 b6 5. Qc2 Bb7 6. a3 Bxc3+ 7. Qxc3 O-O 8.
Bg5 d6 9. Nd2 Nbd7 10. f3 h6 11. Bh4 d5 12. cxd5 Nxd5 13. Bxd8 Nxc3 14. Bh4 Nd5
15. Bf2 f5 16. e3 c5 17. Bb5 Rfd8 18. O-O cxd4 19. exd4 Rac8 20. Rac1 N7f6 21.
Bc4 Rd7 22. b3 Kf7 23. Rfe1 Rdc7 24. Ra1 Ne8 25. Bg3 f4 26. Bf2 Nd6 27. Bf1 b5
28. a4 Nb4 29. Re5 Rc1 30. Re1 Rxa1 31. Rxa1 Rc2 32. Be1 Rb2 33. axb5 Nc8 34.
Nc4 Rxb3 35. Na5 1-0

[Event "9th Nana Aleksandria Cup"]
[Site "Poti GEO"]
[Date "2014.07.19"]
[Round "8.3"]
[White "Rasulov, Vugar"]
[Black "Alaverdyan, Gevorg"]
[Result "1-0"]
[WhiteTitle "GM"]
[BlackTitle "FM"]
[WhiteElo "2521"]
[BlackElo "2355"]
[WhiteFideId "13402390"]
[BlackFideId "13303058"]
[EventDate "2014.07.13"]

1. e4 e5 2. Nf3 Nc6 3. Bb5 Nf6 4. O-O Nxe4 5. d4 Nd6 6. Bxc6 dxc6 7. dxe5 Nf5 8.
Qxd8+ Kxd8 9. Nc3 a5 10. a3 h6 11. h3 Ne7 12. Re1 Ng6 13. Ne4 a4 14. Bd2 c5 15.
Rad1 Ke8 16. Bc1 Be6 17. Nc3 Be7 18. Nh2 h5 19. Nf3 h4 20. Ng5 Bf5 21. Nd5 Bd8
22. e6 fxe6 23. Nxe6 Bxe6 24. Rxe6+ Kf7 25. Re4 Re8 26. Rg4 Ra6 27. Nc3 Rae6 28.
Be3 Bf6 29. Rxa4 Bxc3 30. bxc3 b6 31. Kf1 Kf6 32. Rg4 Re4 33. Bg5+ Kf5 34. Bd8
Rxg4 35. hxg4+ Kxg4 36. Bxc7 Ra8 37. Rd5 Nf4 38. f3+ 1-0

[Event "9th Nana Aleksandria Cup"]
[Site "Poti GEO"]
[Date "2014.07.19"]
[Round "8.4"]
[White "Shahinyan, David"]
[Black "Pantsulaia, Levan"]
[Result "0-1"]
[WhiteTitle "FM"]
[BlackTitle "GM"]
[WhiteElo "2396"]
[BlackElo "2591"]
[WhiteFideId "13304380"]
[BlackFideId "13602071"]
[EventDate "2014.07.13"]

1. e4 c6 2. d4 d5 3. exd5 cxd5 4. c4 Nf6 5. Nc3 Nc6 6. Nf3 Be6 7. c5 g6 8. Bb5
Bg7 9. O-O O-O 10. h3 Ne4 11. Bf4 Qa5 12. Bxc6 bxc6 13. Re1 Qb4 14. Qb3 a5 15.
Rad1 Nxc5 16. Qc2 Nd7 17. a3 Qb7 18. Na4 Bf5 19. Qc3 Rfe8 20. Rc1 c5 21. Nxc5
Nxc5 22. Qxc5 Be4 23. Ne5 Rec8 24. Nc6 Bf8 25. Qc3 Bf5 26. Bd2 Qa6 27. Qc5 e6
28. Ne7+ Kg7 29. Qxc8 Rxc8 30. Nxc8 e5 31. Rxe5 Bxc8 32. Rxd5 a4 33. Rd8 Bf5 34.
d5 Be7 35. Bc3+ Bf6 36. d6 Qb6 37. Bxf6+ Kxf6 38. Rc7 Be6 39. g4 g5 0-1

[Event "9th Nana Aleksandria Cup"]
[Site "Poti GEO"]
[Date "2014.07.19"]
[Round "8.5"]
[White "Ghukasyan, Siranush"]
[Black "Quparadze, Giga"]
[Result "1/2-1/2"]
[BlackTitle "IM"]
[WhiteElo "2019"]
[BlackElo "2504"]
[WhiteFideId "13300946"]
[BlackFideId "13602250"]
[EventDate "2014.07.13"]

1. e4 c5 2. Nf3 e6 3. d4 cxd4 4. Nxd4 a6 5. c4 Nf6 6. Nc3 Qc7 7. a3 b6 8. Be3
Bb7 9. f3 Nc6 10. Rc1 Bc5 11. b4 Bxd4 12. Bxd4 Nxd4 13. Qxd4 e5 14. Qe3 d6 15.
Be2 O-O 16. O-O Rfc8 17. Rfd1 Bc6 18. Nb5 axb5 19. cxb5 Qb7 20. bxc6 Rxc6 21.
Bb5 Rxc1 22. Rxc1 Rb8 23. a4 h6 24. Rc6 Ne8 25. Qc3 Kh7 26. Rc4 Qe7 27. Bxe8
Qxe8 28. Rc6 Ra8 29. Rxb6 Rxa4 30. h3 Qd8 31. Qe3 Ra2 32. Rc6 Qf6 33. Qc1 Qh4
34. Qf1 Qe7 35. Kh2 Rb2 36. b5 h5 37. Rc1 Qa7 38. Rb1 Qa2 39. Rxb2 Qxb2 40. Qc4
f6 41. h4 Qb1 42. g3 Qb2+ 43. Kg1 Qb1+ 44. Kf2 Qb2+ 45. Ke1 Qb1+ 46. Ke2 Qb2+
47. Kd3 Qf2 48. Qb4 Qxf3+ 49. Kc2 Qe2+ 50. Kb3 Qd1+ 51. Kc3 Qe1+ 52. Kb3 Qd1+
53. Ka3 Qa1+ 54. Kb3 Qd1+ 55. Ka3 Qa1+ 56. Kb3 Qd1+ 1/2-1/2

[Event "9th Nana Aleksandria Cup"]
[Site "Poti GEO"]
[Date "2014.07.19"]
[Round "8.6"]
[White "Khomeriki, Nino"]
[Black "Bajarani, Ulvi"]
[Result "0-1"]
[WhiteTitle "WFM"]
[BlackTitle "GM"]
[WhiteElo "2101"]
[BlackElo "2486"]
[WhiteFideId "13603191"]
[BlackFideId "13403028"]
[EventDate "2014.07.13"]

1. Nf3 d5 2. g3 g6 3. Bg2 Bg7 4. d3 c5 5. Nbd2 Nc6 6. e4 e6 7. O-O Nge7 8. Re1
O-O 9. e5 Qc7 10. Qe2 g5 11. h3 h6 12. Nb3 b6 13. d4 a5 14. dxc5 a4 15. cxb6
Qxb6 16. Be3 Qc7 17. Nc5 Nxe5 18. Nxe5 Qxe5 19. c3 Nf5 20. Qg4 Nxe3 21. Rxe3 Qc7
22. Nd3 a3 23. b4 Qxc3 24. Rc1 Qd4 25. Nc5 Qb2 26. Rce1 Rb8 27. Rb3 Qd2 28. Rd1
Qxa2 29. h4 Qc2 30. hxg5 h5 31. Qxh5 a2 32. Bf1 Qxd1 33. Qxd1 a1=Q 34. Qh5 e5
35. g4 Qd1 36. Rg3 Rxb4 37. Kg2 Rxg4 0-1

[Event "9th Nana Aleksandria Cup"]
[Site "Poti GEO"]
[Date "2014.07.19"]
[Round "8.7"]
[White "Benidze, Davit"]
[Black "Sibashvili, Giorgi"]
[Result "1-0"]
[WhiteTitle "GM"]
[WhiteElo "2476"]
[BlackElo "2283"]
[WhiteFideId "13603086"]
[BlackFideId "13602799"]
[EventDate "2014.07.13"]

1. Nf3 d5 2. g3 Bg4 3. Bg2 Nd7 4. O-O Ngf6 5. d3 e5 6. h3 Bxf3 7. Bxf3 c6 8. Bg2
Bc5 9. e4 dxe4 10. dxe4 Qe7 11. Qe2 Nf8 12. Nd2 Ne6 13. c3 h5 14. b4 Bb6 15. h4
g5 16. hxg5 Nxg5 17. Nc4 Rg8 18. Bxg5 Rxg5 19. Rad1 Rd8 20. Rxd8+ Qxd8 21. Rd1
Qc7 22. Qf3 Ng4 23. Rd2 Rg6 24. Nxb6 axb6 25. Qf5 Rd6 26. Rxd6 Qxd6 27. Bf3 Qd3
28. Qc8+ Ke7 29. Qxb7+ Kf8 30. Qb8+ Kg7 31. Bxg4 hxg4 32. Qxe5+ Kf8 33. Qd4 Qb1+
34. Kg2 Ke7 35. a4 Qc2 36. a5 bxa5 37. bxa5 Qe2 38. c4 Qf3+ 39. Kg1 1-0

[Event "9th Nana Aleksandria Cup"]
[Site "Poti GEO"]
[Date "2014.07.19"]
[Round "8.8"]
[White "Javakhadze, Zurab"]
[Black "Tutisani, Noe"]
[Result "1-0"]
[WhiteTitle "IM"]
[WhiteElo "2428"]
[BlackElo "2128"]
[WhiteFideId "13603647"]
[BlackFideId "13602853"]
[EventDate "2014.07.13"]

1. e4 c5 2. Nf3 d6 3. c3 Nf6 4. d3 Nc6 5. g3 e6 6. Bg2 Be7 7. O-O O-O 8. Nbd2
Bd7 9. a4 Rc8 10. Nc4 d5 11. exd5 exd5 12. Nce5 Bf5 13. d4 cxd4 14. Nxc6 bxc6
15. Nxd4 Bg4 16. Qd3 Qd7 17. Re1 Rfe8 18. Bf4 h6 19. Qa6 Ne4 20. f3 Nc5 21. Qf1
Be6 22. b4 Nb7 23. Ra2 Bf6 24. Be5 Bxe5 25. Rxe5 c5 26. Nxe6 fxe6 27. Qb5 Qf7
28. Rae2 cxb4 29. cxb4 Nd6 30. Qa6 Rc1+ 31. Re1 Rxe1+ 32. Rxe1 Nf5 33. f4 Re7
34. b5 Qf6 35. Qc8+ Kh7 36. Qc5 Qf7 37. Rc1 h5 38. a5 Rd7 39. Bf1 h4 40. Bd3 g6
41. Kg2 e5 42. fxe5 d4 43. Qc6 Re7 44. Qf6 Qd5+ 45. Kh3 Qd7 46. Qc6 Qd8 47. Qc8
Qxc8 48. Rxc8 hxg3 49. hxg3 Rxe5 50. b6 axb6 51. axb6 Nd6 52. Rc6 Re3 53. Ba6
Ne4 54. b7 Rxg3+ 55. Kh2 Rb3 56. Rc8 Rb2+ 57. Kg1 1-0

[Event "9th Nana Aleksandria Cup"]
[Site "Poti GEO"]
[Date "2014.07.19"]
[Round "8.9"]
[White "Chighladze, Iveri"]
[Black "Lorparizangeneh, Shahin"]
[Result "1-0"]
[WhiteTitle "IM"]
[BlackTitle "FM"]
[WhiteElo "2357"]
[BlackElo "2259"]
[WhiteFideId "13602039"]
[BlackFideId "12521604"]
[EventDate "2014.07.13"]

1. c4 g6 2. Nc3 c5 3. g3 Bg7 4. Bg2 Nc6 5. e3 e5 6. Nge2 Nge7 7. O-O O-O 8. d3
d6 9. a3 a6 10. b4 cxb4 11. axb4 Be6 12. b5 axb5 13. Rxa8 Qxa8 14. Nxb5 Qb8 15.
Nec3 Rd8 16. Nd5 Bxd5 17. cxd5 Na7 18. Nc3 b5 19. Qb3 Qb6 20. e4 Rb8 21. Be3 Qa5
22. Qb2 Nec8 23. Ra1 Qc7 24. Qb4 Qd7 25. Ra6 Bf8 26. h4 Be7 27. Kh2 Qb7 28. Ra1
Bd8 29. d4 exd4 30. Bxd4 Bb6 31. Bf6 Bc5 32. Qb2 Nb6 33. Qd2 Nd7 34. e5 dxe5 35.
d6 Qb6 36. Ne4 Bxd6 37. Rd1 Nc8 38. Bg5 b4 39. Be3 Nc5 40. Nxd6 Nxd6 41. Qxd6
Qxd6 42. Rxd6 Na4 43. Ba7 Rc8 44. Ra6 Nb2 45. Rb6 Nd3 46. Rb7 Rc2 47. Be4 Rc3
48. Bd5 1-0

[Event "9th Nana Aleksandria Cup"]
[Site "Poti GEO"]
[Date "2014.07.19"]
[Round "8.10"]
[White "Makharadze, Jambul"]
[Black "Dilanyan, Grigor"]
[Result "0-1"]
[BlackTitle "FM"]
[WhiteElo "2334"]
[BlackElo "2250"]
[WhiteFideId "13601369"]
[BlackFideId "13303570"]
[EventDate "2014.07.13"]

1. Nf3 Nf6 2. g3 c5 3. c4 g6 4. Bg2 Bg7 5. O-O O-O 6. Nc3 Nc6 7. d4 cxd4 8. Nxd4
Ng4 9. Nxc6 dxc6 10. Qb3 Ne5 11. Bf4 Qd4 12. Bxe5 Qxe5 13. Rfd1 Rb8 14. Qa3 a6
15. c5 h5 16. Qb4 Bg4 17. h3 Be6 18. Rd3 b6 19. cxb6 c5 20. Qa5 c4 21. Qxe5 Bxe5
22. Rd2 Rxb6 23. Rc1 Rfb8 24. Rcc2 h4 25. g4 Kg7 26. e3 g5 27. Be4 f6 28. Kf1 a5
29. Ke2 Bf7 30. Nd1 Rb4 31. Bd5 Rc8 32. Bxf7 Kxf7 33. Rd5 Ra4 34. f4 gxf4 35.
exf4 Bxf4 36. a3 c3 37. Rxc3 Rb8 38. Rcc5 Be5 39. Rxa5 Re4+ 40. Kf3 Rf4+ 41. Ke2
Rb3 42. Rd3 Rxd3 43. Kxd3 Rf3+ 44. Ke2 Rxh3 45. Rd5 Rg3 46. Nf2 Bxb2 47. a4 Ra3
48. a5 e5 49. Nd3 Bd4 50. g5 fxg5 51. Nxe5+ Ke6 52. Rxd4 Kxe5 53. Rb4 Rxa5 54.
Kf3 Kf5 55. Rb2 Ra3+ 56. Kg2 Re3 57. Ra2 Kf4 58. Rf2+ Kg4 59. Ra2 h3+ 60. Kh2
Kh4 61. Ra4+ g4 62. Rb4 Re2+ 63. Kg1 Kg3 64. Rb3+ Kf4 65. Ra3 Re3 66. Ra1 Kg3
67. Kh1 Kf2 68. Kh2 Re1 69. Ra2+ Kf3 70. Rf2+ Ke3 71. Rf8 Re2+ 72. Kg1 Rg2+ 73.
Kh1 Rf2 74. Ra8 g3 75. Ra3+ Kf4 76. Ra4+ Kf3 77. Ra3+ Kg4 78. Ra4+ Rf4 79. Ra1
h2 80. Kg2 Rf2+ 0-1

[Event "9th Nana Aleksandria Cup"]
[Site "Poti GEO"]
[Date "2014.07.19"]
[Round "8.11"]
[White "Mgeladze, Tamaz"]
[Black "Mesropian, Khachatur"]
[Result "1-0"]
[WhiteTitle "FM"]
[WhiteElo "2325"]
[BlackElo "2089"]
[WhiteFideId "13601202"]
[BlackFideId "13301390"]
[EventDate "2014.07.13"]

1. c4 Nf6 2. g3 g6 3. Bg2 d5 4. cxd5 Nxd5 5. Nc3 Nxc3 6. bxc3 Bg7 7. Rb1 Nd7 8.
Qc2 O-O 9. d3 c5 10. Nf3 Qc7 11. c4 e5 12. O-O Rb8 13. a4 b6 14. a5 Bb7 15. axb6
axb6 16. Bb2 Rfe8 17. Rfd1 h6 18. Ne1 Bxg2 19. Nxg2 f5 20. Ne3 Nf6 21. Bc3 f4
22. Nf1 g5 23. Rb3 Re6 24. Nd2 Rf8 25. Rdb1 Qf7 26. f3 fxg3 27. hxg3 Qh5 28.
Rxb6 Qh3 29. Nf1 Rxb6 30. Rxb6 Nh5 31. Be1 g4 32. Bf2 gxf3 33. exf3 Rxf3 34.
Rb8+ Rf8 35. Rxf8+ Bxf8 36. Qe2 Qf5 37. Ne3 Qg5 38. Qg4 Ng7 39. Qxg5 hxg5 40.
Ng4 Bd6 41. Nf6+ Kf7 42. Ne4 Ke6 43. Nxg5+ Kd7 44. Kg2 Be7 45. Ne4 Ne6 46. Kf3
Nd4+ 47. Bxd4 exd4 48. Kf4 Ke6 49. g4 Bf8 50. g5 Be7 51. g6 Bf8 52. g7 Bxg7 53.
Nxc5+ Kd6 54. Nb3 Bh8 55. Ke4 1-0

[Event "9th Nana Aleksandria Cup"]
[Site "Poti GEO"]
[Date "2014.07.19"]
[Round "8.12"]
[White "Zeynalli, Rashad"]
[Black "Gholami, Aryan"]
[Result "0-1"]
[BlackTitle "FM"]
[WhiteElo "2093"]
[BlackElo "2265"]
[WhiteFideId "13403320"]
[BlackFideId "12513342"]
[EventDate "2014.07.13"]

1. Nf3 g6 2. c4 Bg7 3. Nc3 c5 4. e3 Nf6 5. Be2 O-O 6. O-O b6 7. d4 d6 8. h3 Bb7
9. d5 e5 10. dxe6 fxe6 11. Ng5 Qe7 12. Bf3 Nc6 13. Qa4 Rac8 14. Rd1 h6 15. Nge4
Nxe4 16. Bxe4 Qh4 17. g3 Qxh3 18. Qc2 Rcd8 19. a3 h5 20. Bg2 Qxg2+ 21. Kxg2 Nd4+
22. Qe4 Bxe4+ 23. Nxe4 Nb3 24. Rb1 d5 25. cxd5 Rxd5 26. Re1 Rfd8 27. Nc3 Rd3 28.
e4 Bxc3 29. bxc3 Rxc3 30. Bg5 Rf8 31. a4 Nd4 32. a5 b5 33. a6 b4 34. Be7 Rf7 35.
Bxc5 Rxc5 36. Rxb4 e5 37. f4 Rc2+ 38. Kf1 h4 0-1

[Event "9th Nana Aleksandria Cup"]
[Site "Poti GEO"]
[Date "2014.07.19"]
[Round "8.13"]
[White "Beradze, Irakli"]
[Black "Chkhaidze, Nikoloz"]
[Result "0-1"]
[WhiteElo "2379"]
[BlackElo "2182"]
[WhiteFideId "13604597"]
[BlackFideId "13601750"]
[EventDate "2014.07.13"]

1. e4 e5 2. Nf3 Nc6 3. Bc4 Bc5 4. c3 Nf6 5. d3 a6 6. Bb3 d6 7. O-O Ba7 8. Nbd2
O-O 9. Nc4 Ne7 10. Bg5 Ng6 11. Nh4 Nxh4 12. Bxh4 h6 13. Ne3 g5 14. Bg3 Bxe3 15.
fxe3 Bg4 16. Qd2 Bh5 17. Qf2 Nd7 18. h4 Nc5 19. Bc2 Bg6 20. Qf3 gxh4 21. Bf2 f5
22. b4 fxe4 23. Qg4 Qg5 24. Qxg5 hxg5 25. bxc5 exd3 26. Bb3+ Kg7 27. cxd6 cxd6
28. Bd5 Rac8 29. Be1 Rxf1+ 30. Kxf1 b5 31. e4 Rf8+ 32. Kg1 Rf4 33. g3 hxg3 34.
Bxg3 Rf3 35. Kg2 Bh5 36. Bb3 Re3 37. Bd1 Bg6 38. a4 d2 39. axb5 axb5 40. Ra7+
Kf6 41. Ra6 Bxe4+ 42. Kf2 Rd3 43. Bh2 Bf3 44. Ra1 g4 45. Bxf3 gxf3 46. Rd1 Ke6 0-1

[Event "9th Nana Aleksandria Cup"]
[Site "Poti GEO"]
[Date "2014.07.19"]
[Round "8.14"]
[White "Keleptrishvili, Irakli"]
[Black "Mikadze, Miranda"]
[Result "1-0"]
[BlackTitle "WIM"]
[WhiteElo "2056"]
[BlackElo "2240"]
[WhiteFideId "13605801"]
[BlackFideId "13603108"]
[EventDate "2014.07.13"]

1. e4 c6 2. d4 d5 3. Nc3 dxe4 4. Nxe4 Nf6 5. Nxf6+ gxf6 6. Nf3 h5 7. Be2 h4 8.
h3 Qc7 9. O-O Bf5 10. Be3 Nd7 11. c4 e6 12. a4 Bd6 13. a5 Nf8 14. a6 b6 15. Qa4
Ng6 16. d5 Ne7 17. Nd4 Be4 18. dxe6 fxe6 19. Nxe6 Bh2+ 20. Kh1 Qe5 21. Nd4 Qc7
22. Bf3 Bxf3 23. Nxf3 Bd6 24. b4 Rh5 25. c5 bxc5 26. bxc5 Bxc5 27. Qg4 Rd5 28.
Bxc5 Rxc5 29. Qxh4 O-O-O 30. Rab1 Nd5 31. Rb7 Qa5 32. Qg4+ 1-0

[Event "9th Nana Aleksandria Cup"]
[Site "Poti GEO"]
[Date "2014.07.19"]
[Round "8.15"]
[White "Imnadze, Nato"]
[Black "Soysal, Serkan"]
[Result "0-1"]
[WhiteTitle "WFM"]
[WhiteElo "2101"]
[BlackElo "2198"]
[WhiteFideId "13600974"]
[BlackFideId "6349250"]
[EventDate "2014.07.13"]

1. e4 e6 2. Nc3 d5 3. Nf3 Nf6 4. e5 Nfd7 5. d4 c5 6. dxc5 Nc6 7. Bf4 Nxc5 8. a3
Be7 9. Qd2 a6 10. Be2 O-O 11. O-O b5 12. Rfe1 Bb7 13. Rad1 Rc8 14. Bf1 Nd7 15.
Bd3 b4 16. axb4 Nxb4 17. Bg5 Bxg5 18. Qxg5 Qxg5 19. Nxg5 Nxd3 20. Rxd3 Nb6 21.
Nf3 Rc7 22. Nd4 Nc4 23. Nd1 Rfc8 24. f4 Na5 25. c3 Rb8 26. Ne3 Nc4 27. b3 Na5
28. Rb1 Bc8 29. Kf2 Nb7 30. Nd1 Nc5 31. Re3 Bd7 32. Ke1 Ba4 33. b4 Ne4 34. Ne2
Rbc8 35. Ra1 Bb5 36. Nd4 Bc4 37. g4 g5 38. f5 exf5 39. gxf5 Re7 40. e6 fxe6 41.
Nxe6 Rce8 42. Nb2 Nd6 43. Nxc4 Nxf5 44. Kf2 Nxe3 45. Nxe3 Rxe6 46. Nxd5 Rf8+ 47.
Kg3 h5 48. c4 Kg7 49. Ra3 Re4 50. c5 Rg4+ 51. Kh3 Rf1 52. Rc3 Rfg1 0-1

[Event "9th Nana Aleksandria Cup"]
[Site "Poti GEO"]
[Date "2014.07.19"]
[Round "8.16"]
[White "Patsia, Zviad"]
[Black "Basencyan, Mark"]
[Result "0-1"]
[WhiteElo "2117"]
[BlackElo "2170"]
[WhiteFideId "13603485"]
[BlackFideId "13300725"]
[EventDate "2014.07.13"]

1. h4 d5 2. g3 Nf6 3. Bg2 e5 4. d4 e4 5. c4 Bb4+ 6. Bd2 Bxd2+ 7. Qxd2 O-O 8. Nc3
Re8 9. cxd5 c6 10. dxc6 Nxc6 11. e3 Bg4 12. Nge2 Qd7 13. d5 Ne5 14. Nd4 Nd3+ 15.
Kf1 Nb4 16. Nxe4 Nxe4 17. Qxb4 Qxd5 18. Kg1 Qe5 19. Qxb7 Nxf2 20. Kh2 Nxh1 21.
Rxh1 Rab8 22. Nc6 Rxb7 23. Nxe5 Rxb2 24. Nxg4 h5 25. Nh6+ gxh6 26. Rf1 Rxe3 0-1

[Event "9th Nana Aleksandria Cup"]
[Site "Poti GEO"]
[Date "2014.07.19"]
[Round "8.17"]
[White "Hayrapetyan, Artavazd R."]
[Black "Khazhomia, Salome"]
[Result "0-1"]
[BlackTitle "WFM"]
[WhiteElo "2249"]
[BlackElo "2128"]
[WhiteFideId "13304240"]
[BlackFideId "13603230"]
[EventDate "2014.07.13"]

1. Nf3 Nf6 2. g3 b6 3. Bg2 Bb7 4. O-O g6 5. c4 Bg7 6. d4 O-O 7. Nc3 Ne4 8. d5
Nxc3 9. bxc3 d6 10. Nd4 Nd7 11. e4 Ne5 12. Qe2 Ba6 13. Nb5 Qd7 14. a4 c6 15.
dxc6 Qxc6 16. c5 Qxc5 17. Bg5 Rfe8 18. Rfd1 Bb7 19. Be3 Qc8 20. h4 Nc4 21. Bd4
Na5 22. Rab1 Bc6 23. h5 a6 24. Bxg7 Kxg7 25. Nd4 Bxa4 26. Rdc1 e5 27. h6+ Kg8
28. Qf3 Qd8 29. Nc2 Bxc2 30. Rxc2 Nc4 31. Bf1 Na3 32. Rxb6 Qxb6 33. Qf6 Kf8 34.
Ra2 Qd8 35. Qg7+ Ke7 36. Rxa3 Rg8 37. Qxh7 Qc7 0-1

[Event "9th Nana Aleksandria Cup"]
[Site "Poti GEO"]
[Date "2014.07.19"]
[Round "8.18"]
[White "Barseghyan, Harutyun"]
[Black "Khurtsilava, Inga"]
[Result "1-0"]
[BlackTitle "WGM"]
[WhiteElo "2108"]
[BlackElo "2233"]
[WhiteFideId "13304585"]
[BlackFideId "13600419"]
[EventDate "2014.07.13"]

1. d4 Nf6 2. c4 e6 3. Nc3 Bb4 4. Qc2 O-O 5. a3 Be7 6. e4 d6 7. f4 c5 8. d5 exd5
9. cxd5 Re8 10. Bd3 Bf8 11. Nge2 a6 12. a4 Qc7 13. b3 g6 14. O-O Bg7 15. Bd2
Nbd7 16. h3 Rb8 17. Kh2 Qd8 18. Ng1 b6 19. Nf3 Bb7 20. Rae1 Qc7 21. Bc4 Re7 22.
Qd3 Qc8 23. Re2 Ne8 24. Kh1 Ndf6 25. Kh2 Ra8 26. e5 Nd7 27. e6 Nf8 28. f5 gxf5
29. Qxf5 fxe6 30. dxe6 Nc7 31. Ng5 b5 32. axb5 axb5 33. Nxb5 Nxb5 34. Bxb5 h6
35. Nf7 Rxe6 36. Nxh6+ Kh8 37. Nf7+ Kg8 38. Ng5 Rxe2 39. Qf7+ Kh8 40. Bxe2 d5
41. Qh5+ Kg8 42. Rxf8+ 1-0

[Event "9th Nana Aleksandria Cup"]
[Site "Poti GEO"]
[Date "2014.07.19"]
[Round "8.19"]
[White "Ghvamberia, Nika"]
[Black "Babayan, Armine"]
[Result "0-1"]
[WhiteElo "2147"]
[BlackElo "2098"]
[WhiteFideId "13602128"]
[BlackFideId "13304135"]
[EventDate "2014.07.13"]

1. e4 c5 2. Nf3 d6 3. d4 cxd4 4. Nxd4 Nf6 5. Nc3 a6 6. Bg5 Nbd7 7. Bc4 e6 8. Qe2
b5 9. Bxe6 fxe6 10. Nxe6 Qa5 11. O-O-O Kf7 12. Nd4 Bb7 13. Rhe1 Rc8 14. Bxf6
Nxf6 15. e5 dxe5 16. Qxe5 Re8 17. Ne6 Kg8 18. Qg5 h6 19. Qg6 b4 20. Nb1 Qh5 21.
Qg3 Qg4 22. Qb3 Kh7 23. Re3 Bc8 24. Qd3+ Qg6 25. Rde1 Bxe6 26. Rxe6 Qxd3 27.
cxd3 Rc8+ 28. Kd1 Bc5 29. Nd2 Rhd8 30. Ke2 Ng4 31. Ne4 Bd4 32. Rd1 Bxb2 33. Rxa6
Ne5 34. Rd2 Bc1 35. Rd1 Rc2+ 36. Kf1 Rxd3 37. Rxd3 Nxd3 38. Rd6 Nf4 39. g3 Nh3
40. Rd4 Nxf2 41. Nxf2 Be3 42. Rxb4 Rxf2+ 0-1